| 000 | 01206nas a2200409 4500 | ||
|---|---|---|---|
| 001 | BR0905972 | ||
| 003 | BR-BrBNA | ||
| 005 | 20231205113753.0 | ||
| 007 | ta | ||
| 008 | 230509b bl.|||p| |||| 00| 00por d | ||
| 040 |
_aBR-BrBNA _bpor _cBiblioteca Nacional de Agricultura |
||
| 041 | _a(Pt) | ||
| 072 | _aL51 | ||
| 100 | 1 | _aPires, A.V. | |
| 100 | 1 | _aOliveira Junior, R.C. | |
| 100 | 1 | _aSusin, I. | |
| 100 | 1 | _aFernandes, J.J.R. | |
| 100 | 1 | _aMorais, J.B. | |
| 100 | 1 | _aMendes, C.Q. | |
| 245 | 1 | _aFontes nitrogenadas em rações contendo bagaço de cana-de-açúcar hidrolizado no desempenho de bovinos confinados em terminação | |
| 650 | _aGADO NELORE | ||
| 650 | _aGADO HOLANDÊS | ||
| 650 | _aFARELO | ||
| 650 | _aSOJA | ||
| 650 | _aURÉIA | ||
| 650 | _aGANHO DE PESO | ||
| 650 | _aRAÇÃO | ||
| 650 | _aCONFINAMENTO | ||
| 650 | _aCANA DE AÇÚCAR | ||
| 650 | _aBAGAÇO | ||
| 650 | _aCONVERSÃO ALIMENTAR | ||
| 650 | _aNOVILHO | ||
| 650 | _aPERFORMANCE | ||
| 773 | 0 |
_tArquivo Brasileiro de Medicina Veterinária e Zootecnia (Brazil) _xISSN 0102-0935 _g(Feb 2008), v. 60(1) p. 163-168 _wBR0905972 |
|
| 909 |
_a202311 _bLúcia _c55 _dLúcia Elande |
||
| 942 |
_2AGRIS _n0 _cANA |
||
| 999 |
_c205516 _d205516 |
||